| 000 -LEADER | |
|---|---|
| fixed length control field | 01275pam a2200325 a 4500 |
| 001 - CONTROL NUMBER | |
| control field | 599850 |
| 005 - DATE AND TIME OF LATEST TRANSACTION | |
| control field | 20250224105832.0 |
| 008 - FIXED-LENGTH DATA ELEMENTS--GENERAL INFORMATION | |
| fixed length control field | 911106r19921960nyua 001 0 eng |
| 035 ## - SYSTEM CONTROL NUMBER | |
| -- | (DLC) 91042308 |
| 010 ## - LIBRARY OF CONGRESS CONTROL NUMBER | |
| LC control number | 91042308 |
| 020 ## - INTERNATIONAL STANDARD BOOK NUMBER | |
| International Standard Book Number | 0471572780 (pbk. : alk. paper) |
| 040 ## - CATALOGING SOURCE | |
| Original cataloging agency | DLC |
| Transcribing agency | DLC |
| Modifying agency | DLC |
| 050 00 - LIBRARY OF CONGRESS CALL NUMBER | |
| Classification number | QA273 |
| Item number | .P272 1992 |
| 082 00 - DEWEY DECIMAL CLASSIFICATION NUMBER | |
| Classification number | 519.2 |
| Edition information | 20 |
| 100 1# - MAIN ENTRY--PERSONAL NAME | |
| Personal name | Parzen, Emanuel, |
| Dates associated with a name | 1929- |
| 9 (RLIN) | 4628 |
| 245 10 - TITLE STATEMENT | |
| Title | Modern probability theory and its applications / |
| Statement of responsibility, etc. | Emanuel Parzen. |
| 250 ## - EDITION STATEMENT | |
| Edition statement | Wiley classics library ed. |
| 260 ## - PUBLICATION, DISTRIBUTION, ETC. | |
| Place of publication, distribution, etc. | New York : |
| Name of publisher, distributor, etc. | Wiley, |
| Date of publication, distribution, etc. | 1992. |
| 300 ## - PHYSICAL DESCRIPTION | |
| Extent | xv, 464 p. : |
| Other physical details | ill. ; |
| Dimensions | 23 cm. |
| 440 #2 - SERIES STATEMENT/ADDED ENTRY--TITLE | |
| Title | A Wiley publication in mathematical statistics |
| 9 (RLIN) | 4629 |
| 490 0# - SERIES STATEMENT | |
| Series statement | Wiley classics library |
| 500 ## - GENERAL NOTE | |
| General note | Originally published: New York : Wiley, 1960. |
| 500 ## - GENERAL NOTE | |
| General note | Includes index. |
| 650 #0 - SUBJECT ADDED ENTRY--TOPICAL TERM | |
| Topical term or geographic name entry element | Probabilities. |
| 9 (RLIN) | 1388 |
| 856 42 - ELECTRONIC LOCATION AND ACCESS | |
| Materials specified | Publisher description |
| Uniform Resource Identifier | <a href="http://www.loc.gov/catdir/description/wiley031/91042308.html">http://www.loc.gov/catdir/description/wiley031/91042308.html</a> |
| 856 4# - ELECTRONIC LOCATION AND ACCESS | |
| Materials specified | Table of Contents |
| Uniform Resource Identifier | <a href="http://www.loc.gov/catdir/toc/onix01/91042308.html">http://www.loc.gov/catdir/toc/onix01/91042308.html</a> |
| 906 ## - LOCAL DATA ELEMENT F, LDF (RLIN) | |
| a | 7 |
| b | cbc |
| c | orignew |
| d | 1 |
| e | ocip |
| f | 19 |
| g | y-gencatlg |
| 991 ## - | |
| -- | c-GenColl |
| -- | QA273 |
| -- | .P272 1992 |
| -- | 00034990244 |
| -- | Copy 1 |
| -- | BOOKS |
| Withdrawn status | Lost status | Source of classification or shelving scheme | Damaged status | Not for loan | Home library | Current library | Date acquired | Cost, normal purchase price | Total checkouts | Full call number | Barcode | Date last seen | Price effective from | Koha item type |
|---|---|---|---|---|---|---|---|---|---|---|---|---|---|---|
| Dewey Decimal Classification | KCST Library | KCST Library | 19/07/2020 | 62.02 | 519.2 Pa Mo | 1000000373 | 19/07/2020 | 19/07/2020 | Book |